Datum a čas kvízu

27 Celkem bodů Celkový počet nahraných bodů na tomto kvízu bez doplňovacích otázek.
5. Pořadí na kvízu Konečné umístění týmu na tomto kvízu.

Zaznamenané odpovědi

# Otázka Odpověď Body Výsledky
1. O víkendu se v Praze konal 39.... Alexandra Udženija 1
2. Druhá česká vicemiss Karolína... Miss Global 1
3. Moderátor Libor Bouček překvap... CNN Prima News 0
4. V úterý oznámila jedna softwar... ukončení podpory operačního systému Windows 7 1
5. Fotbalovou Slavii opouští zálo... Drážďany 1
6. V zatím posledním díle našeho... Yukon 0
7. Rajčatová šťáva, vývar ze škeb... Caesar 0
8. Jak se jmenuje muž na této fot... Justin Trudeau 1
9. Kanadská zpěvačka Alanis Moris... déšť 1
10. Se Spojenými státy, kam se pod... Hořejší jezero 1